Top 10 des noms d'avions de passagers les plus utilisés + nom du type - Statistiques

Statistiques générales
  • Ce quiz a été pris 130 fois
  • Le résultat moyen est 4 sur 10
Statistiques - réponses
Réponse % Correct
Airbus A320
92%
Boeing 737
88%
Boeing 777
85%
Airbus A330
68%
Boeing 787
54%
ATR
13%
Embraer E
4%
Bombardier CRJ
1%
Embraer ERJ
1%
Havilland DHC
0%
Aucun quiz correspondant
Distribution des résultats
% des personnes avec chaque résultat
Percentile par nombre de réponses
Votre historique - résultats
Vous n’avez pas pris ce quiz